Experiencia del mundo, experiencia de dios: reflexión teológica sobre el significado divino de las actividades humanas

Gardado en:
Detalles Bibliográficos
Autor Principal: Roqueplo, Philippe (Author)
Formato: Libro
Idioma:Lingua castelá
Publicado: Salamanca Sígueme 1969
Series:Nueva Alianza, 35
Subjects:
Tags: Engadir etiqueta
Sen Etiquetas, Sexa o primeiro en etiquetar este rexistro!

MARC

LEADER 00000nam a2200000 a 4500
001 UCR1149
003 CL-VaPUC
008 971212e19690000SP |||||||||||||||||spa|d
082 0 4 |a 230  |b ROQ  |2 21 
100 0 |a Roqueplo, Philippe  |e author  |9 398032 
245 1 0 |a Experiencia del mundo, experiencia de dios: reflexión teológica sobre el significado divino de las actividades humanas 
300 |a 423 p 
942 |c BK 
945 |d 19971212 00:00:00  |a jquezada 
260 |a Salamanca  |b Sígueme  |c 1969 
600 0 |a Dios  |9 314467 
650 0 |a Teología cristiana  |9 308336 
650 0 |a Cristianismo  |9 257361 
650 0 |a Iglesia Católica  |9 256114 
650 0 |a Sacramentos   |9 257270 
650 0 |a Valores sociales  |9 309627 
650 0 |a Salvación  |9 315007 
583 |a last modification  |c 19971212 00:00:00  |k Rodrigo Vera 
490 0 |a Nueva Alianza, 35 
999 |c 264635  |d 264633 
952 |0 0  |1 0  |4 0  |6 230_000000000000000_ROQ_1969  |7 0  |8 A  |9 294988  |a BIBGIM  |b BIBGIM  |d 2019-11-19  |i 3366839  |o 230 ROQ 1969  |p 3366839  |r 2025-01-15  |w 2019-11-19  |y BK  |k COM